|
|
|
|
| LEADER |
00000nas a2200000 a 4500 |
| 001 |
ssj0046424 |
| 003 |
WaSeSS |
| 005 |
20200512172242.0 |
| 006 |
m d |
| 007 |
cr n |
| 008 |
060222c20069999ii qr pss 0 0eng c |
| 010 |
|
|
|a 2006243402
|
| 016 |
7 |
|
|a 101273794
|2 DNLM
|
| 022 |
|
|
|a 1998-3948
|l 1817-1745
|y 1817-1745
|
| 035 |
|
|
|a (WaSeSS)ssj0046424
|
| 040 |
|
|
|a SNM
|b eng
|c SNM
|d NLM
|d MUQ
|d OCLCQ
|d SERSO
|d OCLCQ
|d OCLCF
|d OCLCO
|d OCLCQ
|d OCLCO
|d OCLCQ
|d VT2
|d OCLCO
|d OCLCA
|d WaSeSS
|
| 042 |
|
|
|a pcc
|
| 060 |
1 |
0 |
|a W1
|
| 210 |
1 |
|
|a J. pediatr. neurosci.
|b (Online)
|
| 222 |
|
0 |
|a Journal of pediatric neurosciences
|b (Online)
|
| 245 |
0 |
0 |
|a Journal of pediatric neurosciences
|h [electronic resource].
|
| 246 |
1 |
|
|i Called also:
|a JPN
|
| 246 |
3 |
0 |
|a Pediatric neurosciences
|
| 260 |
|
|
|a Mumbai, India :
|b Medknow Publications,
|c [2006]-
|
| 362 |
0 |
|
|a Vol. 1, issue 1 (Jan. 2006)-
|
| 500 |
|
|
|a Title from issue contents screen (publisher's Web site, viewed June 7, 2006).
|
| 506 |
|
|
|a License restrictions may limit access.
|
| 538 |
|
|
|a Mode of access: World Wide Web.
|
| 588 |
|
|
|a Latest issue consulted: Vol. 1, issue 3 (2006) (viewed June 7, 2006).
|
| 650 |
|
0 |
|a Neurosciences
|v Periodicals.
|
| 650 |
|
0 |
|a Pediatrics
|v Periodicals.
|
| 650 |
|
6 |
|a Neurosciences.
|
| 650 |
|
6 |
|a Pédiatrie.
|
| 650 |
|
7 |
|a Neurosciences.
|2 fast
|0 (OCoLC)fst01036509
|
| 650 |
|
7 |
|a Pediatrics.
|2 fast
|0 (OCoLC)fst01056503
|
| 650 |
1 |
2 |
|a Nervous System Diseases.
|
| 650 |
2 |
2 |
|a Nervous System Diseases
|x surgery.
|
| 650 |
2 |
2 |
|a Neurosciences.
|
| 650 |
2 |
2 |
|a Child.
|
| 655 |
|
0 |
|a Electronic journals.
|
| 856 |
4 |
0 |
|z Full text available from Research Library: 01/01/2008 to present
|u https://search.proquest.com/publication/226474
|